1479 1936 1505 1827 1708 1838 1371 1824 1101 1535 1553 1743 1257 1156 1093 1037 1569 1818 1443 1620 1842 1133 1351 1864 1060 1372 1834 1809 1302 1730 1851 1968 1741 1494 1429 1335 1572 1484 1425 1376 1746 1098 1863 1671 1872 1560 1168 1142 1313 1093 1751 1013 1896 1247 1845 1806 1371 1170 1812 1398 1243 1406 1487 1321 1185 1543 1843 1259 1053 1058 1129 1489 1769 1735 1501 1264 1092 1155 1218 1380 1891 1339 1480 1471 1104 1432 1394 1735 1581 1743 1603 1826 1677 1274 1457 1298 1578 1080 1235 BCNSPRNW ULIB Ver.6.0+V

เปลี่ยนเป็นภาษาไทย

Change to English
 แสดงรายละเอียดบรรณานุกรม
  กลับหน้าหลัก

Brief Record : Get Marc (ISO 2709) : E-mail record : QR code < ปิดหน้าต่าง
LEADER : 00000nam 2200000uu 4500
001    13399111152
003     ULIB
008    110617s||||||||th 000 0 tha d
020    9743414894
020    9789743414893
050 04 BF637^bว527ก 2550
100 0  พลตรี หลวงวิจิตรวาทการ
245 10 กำลังความคิด /^cโดย พลตรี หลวงวิจิตรวาทการ
250    พิมพ์ครั้งที่ 4
260    กรุงเทพฯ :^bสร้างสรรค์บุ๊คส์,^c2550.
300    290 หน้า :^bภาพประกอบ
650  7 ความคิด
650  7 การคิด
710 1  สร้างสรรค์บุ๊คส์
945    ^p230^l0^i027168
945    ^p230^l0^i027169
995    ทศพร
999 ^a ใช้งานได้ทุกระบบ
รายการนี้ยังไม่มีแท็ก
คุณยังไม่ได้ล็อกอิน คุณสามารถมีกิจกรรมร่วมกับเว็บไซต์ได้ แต่ต้องล็อกอินก่อน ::
  ล็อกอิน

รายการสื่อสารสนเทศ

ลำดับที่ ประเภท เลขเรียก/บาร์โค้ด สถานที่ สถานะ
- ไม่พบข้อมูล -

รายการใกล้เคียง
    ผู้แต่ง [พลตรี หลวงวิจิตรวาทการ]

    หัวเรื่อง [ความคิด]
    หัวเรื่อง [การคิด]

BibComment


ยังไม่เคยถูกคอมเมนท์

คอมเมนท์ทรัพยากรรายการนี้
  คอมเมนท์: กำลังความคิด โดย..


 Copyright 2026. Bcnsprnw @Library